| 000 | 00712nam a22002295a 4500 | ||
|---|---|---|---|
| 005 | 20161214105914.0 | ||
| 008 | 161214t2016 gw a frb 001 0 eng d | ||
| 020 | _a9783131383723 | ||
| 040 |
_aEG-ScBUE _beng _cEG-ScBUE _dEG-ScBUE |
||
| 082 | 0 | 4 |
_222 _a617.632 _bMUE |
| 100 | 1 | _aMueller, Hans-Peter. | |
| 245 | 1 | 0 |
_aPeriodontology : _bthe essentials / _cHans-Peter Mueller. |
| 250 | _a2nd ed. | ||
| 260 |
_aStuttgart : _bThieme, _cc.2016. |
||
| 300 |
_aix, 261 p. : _bill. ; _c24 cm. |
||
| 504 | _aIncludes bibliographical references and indexes. | ||
| 650 | 7 |
_2BUEsh _932101 _aPeriodontal disease. |
|
| 650 | 7 |
_939502 _aPeriodontics. _2BUEsh |
|
| 651 | _2BUEsh | ||
| 653 |
_bDDent _cDecember2016 |
||
| 942 | _2ddc | ||
| 999 |
_c23564 _d23536 |
||